000
00229nam a22000857a 4500
008
170207b xxu||||| |||| 00| 0 eng d
100
_9
2789
_a
CBSE
245
_a
Senior School Curriculum Main Subject V-I
260
_a
New Delhi
_b
CBSE
_c
2014
999
_c
5987
_d
5987